000 02151cam a2200601 4500
008 040317n2004 000 0 eng u
020 _a0470862149
035 _a(Sirsi) u125461
041 _aeng
050 _a721
_c21
100 _aSokol, D.
245 _aProperty development and progressive architecture
_bthe new alliance
260 _aChichester
_bWiley
_c2004
300 _a128p.
_bill.
_c30cm.
350 _a15.75
490 _aArchitectural Design
_v74(1) January/February 2004
505 _aArchitecture in developer land
505 _aCalculated risk
505 _aBuilding design
505 _aA tower of damnation
505 _aBrit in the big city
505 _aRisky business
505 _aCalibrating the commercial potential: an interview with John Ritblat
505 _aReconciling the irreconcilable? The architecture of Ken Yeang
505 _aA housing boom embraces high design
505 _aMelbourne (low) rising
505 _aInter(nation)al
505 _aHomes for China
505 _aIn the Kingdom of the Netherlands: a province of architecture
505 _aHow Swede is it?
520 _aThis special issue of "Architectural Design" takes an international look at the progressive design projects architects and commercial property developers are achieving together. Cities featured include Amsterdam, Hong Kong, London, Malmo, Melbourne, Montreal, New York, Phoenix and Tokyo.
650 _aARCHITECTURE
650 _aPROPERTY DEVELOPMENT
650 _aBUILT ENVIRONMENT-CONSTRUCTION DESIGN
650 _aCOMMERCIAL BUILDINGS
650 _aARCHITECTURAL DESIGN
690 _aBUILT ENVIRONMENT-CONSTRUCTION DESIGN
700 _aSokol, David
_xEditor
700 _aMerkel, Jayne
700 _aMoss, Sara
700 _aMolloy, Aimee
700 _aJones, Eddie
700 _aMelvin, Jeremy
700 _aCastle, Helen
700 _aTakahashi, Masaaki
700 _aVan Schaik, Leon
700 _aVarady, Stephen
700 _aGutierrez, Laurent
700 _aPortefaix, Valerie
700 _aIbelings, Hans
700 _aAmsellem, Patrick
942 _n0
999 _c103394
_d103394